Ringen um Autonomie Dissidentendiskurse in Mittel- und Osteuropa

Podrobná bibliografia
Ďalší autori: Eichwede, Wolfgang (Editor), Pauer, Jan (Editor)
Médium: Kniha
Jazyk:nemčina
Fyzický popis:623 s. 24 cm
Vydavateľské údaje: Berlin Lit 2017
ISBN:9783643112187
Edícia:Das andere Osteuropa
Predmet:

MARC

LEADER 00000nam a2200000 a 4500
001 vtls011725167
003 SK-MaSNL
005 20260302091920.0
008 200205s2017 gw f 000 0 ger
015 |a SNBZSA2018/03 
020 |a 9783643112187  |q (brožované) 
035 |a urn:nbn:sk:snk-am00d9jn 
035 |a urn:nbn:sk:snk-am3hu95 
035 |a 2171C13D-E9B5-4ACD-919F-5256F6C8C8CB 
040 |a SNK  |b slo  |c SNK  |e AACR2 
041 0 |a ger 
043 |a ec-----  |a ee----- 
044 |a gw  |c DE 
072 7 |a 316.7  |x Sociológia kultúry. Kultúrny život  |2 konspekt 
080 |a 316.723  |2 2011 
080 |a 328/329  |2 2011 
080 |a 323.25/.26:329.15  |2 2011 
080 |a 323.22  |2 2011 
080 |a 323.28  |2 2011 
080 |a 94(4-191.2)  |2 2011 
080 |a 94(4‑11)  |2 2011 
080 |a (048.8)  |2 2011 
080 |a 321.74  |2 2011 
245 0 0 |a Ringen um Autonomie  |b Dissidentendiskurse in Mittel- und Osteuropa  |c Wolfgang Eichwede, Jan Pauer (Hg.) 
246 3 |a Dissidentendiskurse in Mittel- und Osteuropa 
260 |a Berlin  |b Lit  |c 2017 
300 |a 623 s.  |c 24 cm 
490 1 |a Das andere Osteuropa : Dissens in Politik und Gesellschaft, Alternativen in der Kultur (1960-er-1980er Jahre) : Beiträge zu einer vergleichenden Zeitgeschichte  |v Band 3 
504 |a Bibliogr. ; bibliogr. odkazy 
650 0 7 |a subkultúry  |2 SNKPH  |9 4945 
650 0 7 |a Subcultures  |2 SNKPHeng  |9 319789 
650 0 7 |a politika a vláda  |2 SNKPH  |9 3868 
650 0 7 |a Politics and government  |2 SNKPHeng  |9 280895 
650 0 7 |a protikomunistický odboj  |2 SNKPH  |9 4749 
650 0 7 |a Anti-communist movements  |2 SNKPHeng  |9 287589 
650 0 7 |a disent  |2 SNKPH  |9 83661 
650 0 7 |a Dissent  |2 SNKPHeng  |9 270650 
650 0 7 |a politická perzekúcia  |2 SNKPH  |9 75134 
650 0 7 |a Political persecution  |2 SNKPHeng  |9 265799 
650 0 7 |a komunistický režim  |2 SNKPH  |9 4699 
650 0 7 |a Communist regime  |2 SNKPHeng  |9 306476 
651 7 |a Európa stredná  |x dejiny  |2 SNKPH  |9 23759 
651 7 |a Europe, Central  |2 SNKPHeng  |9 98219 
651 7 |a Európa východná  |x dejiny  |2 SNKPH  |9 347750 
651 7 |a Europe, Eastern  |2 SNKPHeng  |9 229905 
655 7 |a štúdie  |2 SNKPH  |9 57033 
655 7 |a Studies  |2 SNKPHeng  |9 265573 
700 1 |a Eichwede, Wolfgang  |4 edt  |9 410644 
700 1 |a Pauer, Jan  |4 edt  |9 288198 
830 0 |a Das andere Osteuropa  |9 761050 
919 |a 978-3-643-11218-7 
958 |a ZS 
958 |a NB 
999 |c 1202608  |d 1204538 
952 |a SNK  |b SNK  |y NEVYP  |7 1  |p 17A1307426  |o snkSC 177762  |i snk2018/1697  |8 4  |g 83.70  |0 0  |1 0  |4 0  |d 2017-12-04  |f 1  |l 0  |r 2025-09-19 00:00:00  |w 2026-02-24